书目信息 |
| 题名: |
税法
|
|
| 作者: | 曹秀义 主编 ;注册会计师全国统一考试应试指导编写组 编著 | |
| 分册: | ||
| 出版信息: | 北京 华文出版社 2020 |
|
| 页数: | 246页 | |
| 开本: | 26cm | |
| 丛书名: | ||
| 单 册: | ||
| 中图分类: | D922.220.4 , D922.2 | |
| 科图分类: | ||
| 主题词: | 税法--shui fa--中国--资格考试--自学参考资料 | |
| 电子资源: | ||
| ISBN: | 978-7-5075-5022-1 | |
| 000 | 01031nam0 2200277 450 | |
| 001 | 2361396699 | |
| 005 | 20231215170614.59 | |
| 010 | @a978-7-5075-5022-1@dCNY 54.00 | |
| 100 | @a20191202d2019 em y0chiy50 ea | |
| 101 | 0 | @achi |
| 102 | @aCN@b110000 | |
| 105 | @ay z 000yy | |
| 200 | 1 | @a税法@Ashui fa@f注册会计师全国统一考试应试指导编写组编著 |
| 210 | @a北京@c华文出版社@d2020 | |
| 215 | @a246页@d26cm | |
| 300 | @a注册会计师全国统一考试应试指导 2019年度 | |
| 314 | @a书内题: 曹秀义主编 | |
| 330 | @a本书分为高效备考指导和考点学习与测评两部分, 内容包括税法总论、增值税法、消费税法、企业所得税法、个人所得税法、城市维护建设税法和烟叶税法等。 | |
| 606 | 0 | @a税法@Ashui fa@y中国@x资格考试@j自学参考资料 |
| 690 | @aD922.220.4@v5 | |
| 690 | @aD922.2@v4 | |
| 701 | 0 | @a曹秀义@Acao xiu yi@4主编 |
| 712 | 02 | @a注册会计师全国统一考试应试指导编写组@Azhu ce kuai ji shi quan guo tong yi kao shi ying shi zhi dao bian xie zu@4编著 |
| 801 | 0 | @aCN@b山东中教@c20230928 |
| 905 | @aBZT@dD922.2@e41 | |
| 921 | @aBMQZ@bRTBOOK | |
| 税法/注册会计师全国统一考试应试指导编写组编著.-北京:华文出版社,2020 |
| 246页;26cm |
| 注册会计师全国统一考试应试指导 2019年度 |
| ISBN 978-7-5075-5022-1:CNY 54.00 |
| 本书分为高效备考指导和考点学习与测评两部分, 内容包括税法总论、增值税法、消费税法、企业所得税法、个人所得税法、城市维护建设税法和烟叶税法等。 |
| ● |
| 相关链接 |
|
|
|
正题名:税法
索取号:D922.2/41
 
预约/预借
| 序号 | 登录号 | 条形码 | 馆藏地/架位号 | 状态 | 备注 |
| 1 | 2001522014 | 2001522014 | 412书库/ [索取号:D922.2/41] | 在馆 | |
| 2 | 2001522015 | 2001522015 | 412书库/ [索取号:D922.2/41] | 在馆 | |
| 3 | 2001522016 | 2001522016 | 412书库/ [索取号:D922.2/41] | 在馆 | |
| 4 | 2001522017 | 2001522017 | 412书库/ [索取号:D922.2/41] | 在馆 | |
| 5 | 2001522018 | 2001522018 | 412书库/ [索取号:D922.2/41] | 在馆 | |
| 6 | 2001522019 | 2001522019 | 412书库/ [索取号:D922.2/41] | 在馆 | |
| 7 | 2001522020 | 2001522020 | 412书库/ [索取号:D922.2/41] | 在馆 | |
| 8 | 2001522021 | 2001522021 | 412书库/ [索取号:D922.2/41] | 在馆 | |
| 9 | 2001522022 | 2001522022 | 412书库/ [索取号:D922.2/41] | 在馆 | |
| 10 | 2001522023 | 2001522023 | 412书库/ [索取号:D922.2/41] | 在馆 | |
| 11 | 2001522024 | 2001522024 | 412书库/ [索取号:D922.2/41] | 在馆 | |
| 12 | 2001522025 | 2001522025 | 412书库/ [索取号:D922.2/41] | 在馆 | |
| 13 | 2001522026 | 2001522026 | 412书库/ [索取号:D922.2/41] | 在馆 | |
| 14 | 2001522027 | 2001522027 | 412书库/ [索取号:D922.2/41] | 在馆 | |
| 15 | 2001522028 | 2001522028 | 412书库/ [索取号:D922.2/41] | 在馆 | |
| 16 | 2001522029 | 2001522029 | 412书库/ [索取号:D922.2/41] | 在馆 | |
| 17 | 2001522030 | 2001522030 | 412书库/ [索取号:D922.2/41] | 在馆 | |
| 18 | 2001522031 | 2001522031 | 412书库/ [索取号:D922.2/41] | 在馆 | |
| 19 | 2001522032 | 2001522032 | 412书库/ [索取号:D922.2/41] | 在馆 | |
| 20 | 2001522033 | 2001522033 | 412书库/ [索取号:D922.2/41] | 在馆 | |
| 21 | 2001522034 | 2001522034 | 412书库/ [索取号:D922.2/41] | 在馆 | |
| 22 | 2001522035 | 2001522035 | 412书库/ [索取号:D922.2/41] | 在馆 | |
| 23 | 2001522036 | 2001522036 | 412书库/ [索取号:D922.2/41] | 在馆 | |
| 24 | 2001522037 | 2001522037 | 412书库/ [索取号:D922.2/41] | 在馆 | |
| 25 | 2001522038 | 2001522038 | 412书库/ [索取号:D922.2/41] | 在馆 | |
| 26 | 2001522039 | 2001522039 | 412书库/ [索取号:D922.2/41] | 在馆 | |
| 27 | 2001522040 | 2001522040 | 412书库/ [索取号:D922.2/41] | 在馆 | |
| 28 | 2001522041 | 2001522041 | 412书库/ [索取号:D922.2/41] | 在馆 | |
| 29 | 2001522042 | 2001522042 | 412书库/ [索取号:D922.2/41] | 在馆 | |
| 30 | 2001522043 | 2001522043 | 412书库/ [索取号:D922.2/41] | 在馆 |